[Event "Olomouc 2005, GM B - Proclient Cup"]
[Site "?"]
[Date "2005.??.??"]
[Round "10.3"]
[White "Voloshin, Leonid"]
[Black "Bernasek, Jan"]
[Result "1/2-1/2"]
[WhiteElo "2477"]
[BlackElo "2458"]
[PlyCount "33"]
[EventDate "2005.08.03"]

1. d4 Nf6 2. Nf3 g6 3. Bg5 d5 4. e3 Bg7 5. Nbd2 O-O 6. c3 b6 7. Be2 c5 8. O-O
Nc6 9. h3 Bb7 10. Bf4 Nd7 11. Qb3 e5 12. dxe5 Ndxe5 13. Nxe5 Nxe5 14. Nf3 Nc6
15. Rad1 Na5 16. Qc2 Qe7 17. Rfe1 1/2-1/2

[Event "Olomouc 2005, GM B - Proclient Cup"]
[Site "?"]
[Date "2005.??.??"]
[Round "10.4"]
[White "Arutinian, David"]
[Black "Maslak, Konstantin"]
[Result "0-1"]
[WhiteElo "2446"]
[BlackElo "2501"]
[PlyCount "158"]
[EventDate "2005.08.03"]

1. d4 Nf6 2. c4 g6 3. Nc3 Bg7 4. e4 O-O 5. Nf3 d6 6. h3 e5 7. d5 Na6 8. Bg5 h6
9. Be3 Nh5 10. Nh2 Qe8 11. Qd2 Kh7 12. Ng4 Nf4 13. g3 f5 14. gxf4 exf4 15. Bxf4
Bxc3 16. bxc3 fxg4 17. O-O-O Qxe4 18. Bxh6 Bf5 19. Bd3 Qxd3 20. Qxd3 Bxd3 21.
Bxf8 Be4 22. hxg4+ Bxh1 23. Rxh1+ Kg8 24. Bh6 Nc5 25. Be3 Re8 26. Kc2 Re4 27.
g5 Nd7 28. Kd3 Rg4 29. f4 Rg2 30. Bd4 c5 31. dxc6 bxc6 32. Rh8+ Kf7 33. Rh7+
Ke6 34. Rg7 Nf6 35. Rxa7 Nd7 36. a4 Rg3+ 37. Ke2 c5 38. Be3 Nb6 39. Ra6 Nxc4
40. Bxc5 Rxc3 41. Bd4 Ra3 42. Ra8 Kf5 43. Rc8 d5 44. Rf8+ Ke4 45. Bc5 Ra2+ 46.
Ke1 Kf3 47. Kd1 d4 48. Bxd4 Rd2+ 49. Kc1 Rxd4 50. Rf6 Ke4 51. Rxg6 Kd3 52. Rg8
Rxf4 53. Kb1 Kc3 54. Rc8 Rg4 55. a5 Rg1+ 56. Ka2 Rxg5 57. a6 Ra5+ 58. Kb1 Rxa6
59. Rc7 Ra8 60. Rc6 Rf8 61. Rc7 Rg8 62. Ka2 Rb8 63. Ka1 Kb3 64. Kb1 Rg8 65.
Rb7+ Kc3 66. Rc7 Rg2 67. Rc8 Rg7 68. Ka2 Kd3 69. Kb3 Rb7+ 70. Ka2 Kc3 71. Ka1
Rb4 72. Ka2 Kd2 73. Ra8 Rb5 74. Ra7 Rb8 75. Ra6 Rb7 76. Ra8 Nb6 77. Ra6 Nd5 78.
Ka3 Nc3 79. Rb6 Nb5+ 0-1

[Event "Olomouc 2005, IM A - Inline Czechia Cup"]
[Site "?"]
[Date "2005.??.??"]
[Round "1.2"]
[White "Savage, Ben D"]
[Black "Malinovsky, Karel"]
[Result "1/2-1/2"]
[WhiteElo "2300"]
[BlackElo "2309"]
[PlyCount "43"]
[EventDate "2005.08.03"]

1. d4 Nf6 2. Nf3 e6 3. c4 b6 4. e3 Bb7 5. Bd3 Be7 6. O-O O-O 7. Nc3 d5 8. cxd5
exd5 9. b3 c5 10. Bb2 Nc6 11. Rc1 cxd4 12. exd4 Bd6 13. Re1 Re8 14. Qd2 Qd7 15.
Bb5 Qf5 16. Rxe8+ Rxe8 17. Re1 Rxe1+ 18. Qxe1 h6 19. Qe2 Nb4 20. Qd1 Ba6 21.
Bxa6 Nxa6 22. Qb1 1/2-1/2

[Event "Olomouc 2005, IM A - Inline Czechia Cup"]
[Site "?"]
[Date "2005.??.??"]
[Round "1.3"]
[White "Beil, Martin"]
[Black "Zeleny, Tomas"]
[Result "1-0"]
[WhiteElo "2212"]
[BlackElo "2286"]
[PlyCount "97"]
[EventDate "2005.08.03"]

1. d4 Nf6 2. c4 g6 3. Nc3 Bg7 4. e4 d6 5. h3 O-O 6. Nf3 e5 7. d5 Nh5 8. Nh2 Qe8
9. Be2 Nf4 10. Bf3 f5 11. g3 Nxh3 12. Bg2 f4 13. Nf3 g5 14. Bxh3 g4 15. Bg2
gxf3 16. Qxf3 Qg6 17. Bh3 Na6 18. Bxc8 Raxc8 19. g4 Nb4 20. Kd2 a5 21. b3 c6
22. Ba3 b5 23. Bxb4 axb4 24. Ne2 Ra8 25. Qd3 f3 26. Ng3 bxc4 27. Qxc4 cxd5 28.
Qxd5+ Kh8 29. Nf5 Qxg4 30. Kd3 Rac8 31. Rac1 Qg5 32. Qb7 Rxc1 33. Rxc1 Bh6 34.
Rc7 Qg6 35. Rd7 Rxf5 36. exf5 Qxf5+ 37. Kc4 Qc2+ 38. Kb5 Qe2+ 39. Kxb4 Qd2+ 40.
Kb5 Qe2+ 41. Kb4 Qd2+ 42. Kb5 Qe2+ 43. Kc6 Qc2+ 44. Kxd6 Bf8+ 45. Kxe5 Qe2+ 46.
Kf5 Qc2+ 47. Qe4 Qxf2 48. Qe5+ Kg8 49. Qe6+ 1-0

[Event "Olomouc 2005, IM A - Inline Czechia Cup"]
[Site "?"]
[Date "2005.??.??"]
[Round "1.4"]
[White "Pachow, Joerg"]
[Black "Vovk, Andrey"]
[Result "0-1"]
[WhiteElo "2352"]
[BlackElo "2339"]
[PlyCount "136"]
[EventDate "2005.08.03"]

1. Nf3 g6 2. e4 d6 3. d4 Nf6 4. Nc3 Bg7 5. Bc4 O-O 6. h3 c6 7. a4 d5 8. exd5
cxd5 9. Bb3 Nc6 10. O-O Bf5 11. Re1 Rc8 12. Ne5 Na5 13. Ba2 Qb6 14. g4 Be6 15.
Ne2 Ne4 16. Nd3 Nc4 17. c3 Bd7 18. f3 Nf6 19. Kg2 Bc6 20. b3 Nd6 21. Bf4 Qd8
22. Be5 b6 23. Rc1 Bh6 24. Bf4 Bg7 25. Qd2 Re8 26. Be5 Bb7 27. Bf4 Rc7 28. Ne5
e6 29. Bb1 Qe7 30. Bh6 Bh8 31. Qe3 Rec8 32. Qf2 Ba6 33. Bd3 Bxd3 34. Nxd3 Nd7
35. Bd2 Bf6 36. Nef4 Bh4 37. Qe3 Bxe1 38. Bxe1 Qf8 39. Rc2 Ne8 40. Ne5 Nxe5 41.
dxe5 Qc5 42. Qe2 Qe7 43. Qd2 Qa3 44. Rb2 Rxc3 45. Qxc3 Rxc3 46. Bxc3 Nc7 47.
Ne2 b5 48. Bd4 bxa4 49. bxa4 Qxa4 50. Rb8+ Kg7 51. Be3 Qa2 52. Kf1 Qa4 53. Kf2
a5 54. h4 h6 55. Rb7 Qc6 56. Ra7 a4 57. h5 gxh5 58. gxh5 Nb5 59. Rxa4 Qc2 60.
Rg4+ Kh7 61. Kf1 Qd1+ 62. Kf2 Qc2 63. Kf1 Qf5 64. Bf4 Qb1+ 65. Kf2 Qc2 66. Kf1
d4 67. Ng3 Nc3 68. Bxh6 Qd1+ 0-1

[Event "Olomouc 2005, IM A - Inline Czechia Cup"]
[Site "?"]
[Date "2005.??.??"]
[Round "1.5"]
[White "Fingerov, Dmitry"]
[Black "Mankeyev, Rauan"]
[Result "0-1"]
[WhiteElo "2358"]
[BlackElo "2344"]
[PlyCount "92"]
[EventDate "2005.08.03"]

1. c4 Nf6 2. Nc3 e5 3. Nf3 Nc6 4. d4 exd4 5. Nxd4 Bb4 6. g3 Ne4 7. Qd3 Nxc3 8.
bxc3 Be7 9. Bg2 O-O 10. O-O Bf6 11. Bf4 Re8 12. c5 Ne5 13. Qb5 a6 14. Qb3 Qe7
15. Qb4 a5 16. Qa3 g6 17. Rfd1 c6 18. Rab1 Ra6 19. Nb3 Nc4 20. Qa4 b5 21. cxb6
Nxb6 22. Qe4 Qxe4 23. Bxe4 Na4 24. Bd3 Ra8 25. Bd2 Nxc3 26. Bxc3 Bxc3 27. Nc5
Bb4 28. Na4 Ra7 29. Nb6 Bc5 30. e4 d6 31. Kg2 Be6 32. Na4 Bb4 33. Rbc1 Bxa2 34.
Rxc6 Bb3 35. Ra1 d5 36. f3 dxe4 37. Bxe4 f5 38. Bd3 Rd8 39. Bc4+ Bxc4 40. Rxc4
Rd2+ 41. Kh3 Re7 42. Nb6 Ree2 43. Rh1 Bd6 44. Rc8+ Bf8 45. Rc7 g5 46. Ra7 Rd6
0-1

[Event "Olomouc 2005, IM A - Inline Czechia Cup"]
[Site "?"]
[Date "2005.??.??"]
[Round "1.6"]
[White "Mohamed, Hossein"]
[Black "Pisk, Petr"]
[Result "0-1"]
[WhiteElo "2230"]
[BlackElo "2319"]
[PlyCount "110"]
[EventDate "2005.08.03"]

1. Nf3 c5 2. c4 Nc6 3. d4 cxd4 4. Nxd4 Qb6 5. Nb5 a6 6. Be3 Qd8 7. N5c3 e6 8.
g3 Nf6 9. Bg2 Be7 10. O-O O-O 11. h3 d6 12. Na4 Bd7 13. Bb6 Qb8 14. c5 d5 15.
Nbc3 h5 16. e4 d4 17. Ne2 e5 18. Nc1 h4 19. g4 Nh7 20. Nd3 Bg5 21. b4 Ne7 22.
Nab2 Be6 23. Qc2 Ng6 24. Nc4 Bxc4 25. Qxc4 Bd8 26. a4 Bxb6 27. cxb6 Rc8 28. Nc5
Nf4 29. a5 Ng5 30. Qb3 Nge6 31. Nxe6 fxe6 32. Qa2 Rc3 33. Rfc1 Qc8 34. Rxc3
Qxc3 35. Qa3 Qc4 36. b5 Qxb5 37. Qd6 Rf8 38. Bf1 d3 39. Rd1 Qxa5 40. Bxd3 Nxd3
41. Qxd3 Qxb6 42. Rd2 Kh7 43. Kg2 Qb4 44. Rc2 a5 45. Rc4 Qb6 46. Qd2 Rf4 47. f3
Rf8 48. Rc2 Qd8 49. Qe1 Rxf3 50. Kxf3 Qd3+ 51. Qe3 Qxc2 52. Qg5 Qd3+ 53. Kf2
Qg3+ 54. Ke2 Qg2+ 55. Kd1 Qf3+ 0-1

[Event "Olomouc 2005, IM A - Inline Czechia Cup"]
[Site "?"]
[Date "2005.??.??"]
[Round "2.2"]
[White "Mankeyev, Rauan"]
[Black "Mohamed, Hossein"]
[Result "1-0"]
[WhiteElo "2344"]
[BlackElo "2230"]
[PlyCount "71"]
[EventDate "2005.08.03"]

1. d4 Nf6 2. c4 c5 3. d5 e6 4. Nc3 exd5 5. cxd5 d6 6. e4 g6 7. f4 Bg7 8. Bb5+
Nfd7 9. a4 O-O 10. Nf3 Re8 11. O-O a6 12. Bd3 Qc7 13. Bc2 c4 14. Be3 Nf6 15.
Bd4 Bg4 16. e5 Nfd7 17. exd6 Qxd6 18. Bxg7 Kxg7 19. Qd4+ Kg8 20. Ne5 Nc6 21.
Qf2 Ncxe5 22. fxe5 Qc5 23. Qxc5 Nxc5 24. Rf4 Bf5 25. Bxf5 gxf5 26. Rxc4 Nd3 27.
Rc7 Rxe5 28. Rd1 Nf4 29. Rxb7 Rd8 30. d6 Ne6 31. Ra7 a5 32. d7 Kf8 33. Rd5 Rxd5
34. Nxd5 Nc5 35. Nb6 Ke7 36. Rxa5 1-0

[Event "Olomouc 2005, IM A - Inline Czechia Cup"]
[Site "?"]
[Date "2005.??.??"]
[Round "2.3"]
[White "Vovk, Andrey"]
[Black "Fingerov, Dmitry"]
[Result "1/2-1/2"]
[WhiteElo "2339"]
[BlackElo "2358"]
[PlyCount "112"]
[EventDate "2005.08.03"]

1. e4 e6 2. d4 d5 3. Nc3 Nf6 4. Bg5 Be7 5. e5 Nfd7 6. h4 Bxg5 7. hxg5 Qxg5 8.
Qd3 h5 9. Nh3 Qe7 10. Nf4 g6 11. O-O-O a6 12. Qg3 h4 13. Ncxd5 exd5 14. Nxd5
Qd8 15. e6 Nf6 16. Nxc7+ Kf8 17. Qa3+ Kg7 18. Nxa8 Bxe6 19. d5 Nxd5 20. c4 Qg5+
21. Kb1 Nf6 22. Qc3 Qc5 23. Qe3 Bf5+ 24. Bd3 Nbd7 25. Bxf5 Qxf5+ 26. Ka1 Rxa8
27. Rxh4 g5 28. Rhd4 Ne5 29. f3 Nc6 30. R4d2 Ne5 31. Qb3 b6 32. Rd6 Rc8 33.
Rxb6 Nxc4 34. Rxa6 Nd2 35. Qe3 Rc2 36. Rh1 Nf1 37. Rxf1 Qb5 38. Rb1 Qxa6 39.
Qxg5+ Kf8 40. Qh6+ Ke7 41. Qe3+ Qe6 42. Qa3+ Ke8 43. Qa4+ Qc6 44. Re1+ Kd7 45.
Rd1+ Ke6 46. Qf4 Rxg2 47. Re1+ Kd7 48. Qf5+ Kc7 49. Qe5+ Kb6 50. Qd4+ Ka6 51.
Qd3+ Qb5 52. Qd6+ Qb6 53. Qa3+ Kb7 54. Qe7+ Ka6 55. Qa3+ Kb5 56. Qb3+ Ka6
1/2-1/2

[Event "Olomouc 2005, IM A - Inline Czechia Cup"]
[Site "?"]
[Date "2005.??.??"]
[Round "2.4"]
[White "Zeleny, Tomas"]
[Black "Pachow, Joerg"]
[Result "1/2-1/2"]
[WhiteElo "2286"]
[BlackElo "2352"]
[PlyCount "115"]
[EventDate "2005.08.03"]

1. e4 e5 2. Nf3 Nc6 3. Nc3 g6 4. d4 exd4 5. Nxd4 Bg7 6. Be3 d6 7. Qd2 Nf6 8. f3
Nxd4 9. Bxd4 Be6 10. Be3 O-O 11. O-O-O Re8 12. g4 c6 13. Qxd6 Nd7 14. Bd4 Bh6+
15. Kb1 Qa5 16. h4 c5 17. Bf2 Bg7 18. Qd2 b5 19. Nd5 Qa4 20. b3 Qa3 21. Qc1 Qa5
22. c4 a6 23. Be3 b4 24. h5 Bxd5 25. Rxd5 Qc7 26. hxg6 hxg6 27. Qd2 a5 28. Bh6
Bf6 29. Bf4 Ne5 30. Qe3 a4 31. bxa4 Rxa4 32. Qxc5 Qxc5 33. Rxc5 Nxf3 34. Bg2 b3
35. Bxf3 bxa2+ 36. Kc2 a1=Q 37. Rxa1 Rxa1 38. e5 Bg7 39. Bd5 Ra7 40. Kd3 Rae7
41. Kd4 Kh7 42. Rc6 g5 43. Bxg5 Rxe5 44. Bf6 R5e6 45. Bxg7 Rxc6 46. Bxc6 Rd8+
47. Kc5 Kxg7 48. Bd5 Kf6 49. Kc6 Rg8 50. Kd6 Rxg4 51. c5 Rg8 52. c6 Rd8+ 53.
Kc5 Ke7 54. c7 Rxd5+ 55. Kxd5 Kd7 56. Ke5 Kxc7 57. Kf6 Kd6 58. Kxf7 1/2-1/2

[Event "Olomouc 2005, IM A - Inline Czechia Cup"]
[Site "?"]
[Date "2005.??.??"]
[Round "3.1"]
[White "Savage, Ben D"]
[Black "Salai, Ladislav"]
[Result "1-0"]
[WhiteElo "2300"]
[BlackElo "2378"]
[PlyCount "135"]
[EventDate "2005.08.03"]

1. e4 c5 2. Nf3 Nc6 3. d4 cxd4 4. Nxd4 Nf6 5. Nc3 e5 6. Ndb5 d6 7. Bg5 a6 8.
Na3 b5 9. Bxf6 gxf6 10. Nd5 Bg7 11. c3 f5 12. exf5 Bxf5 13. Nc2 O-O 14. Nce3
Be6 15. Bd3 f5 16. O-O Ra7 17. a4 Ne7 18. Nxe7+ Rxe7 19. axb5 axb5 20. Bxb5 d5
21. Ra6 Kh8 22. Qa4 d4 23. Rd1 f4 24. Nc2 Bf5 25. Nb4 Re6 26. Rxe6 Bxe6 27.
cxd4 exd4 28. Nc6 Qg5 29. Nxd4 Bh3 30. Bf1 f3 31. Qb5 Qg6 32. g3 Bxf1 33. Qxf1
Qb6 34. Nc2 Qxb2 35. Qd3 Qf6 36. Ne1 Qc6 37. Qd5 Qc3 38. Qe4 Qb3 39. Qc2 Qe6
40. Qd3 Qc6 41. Qd5 Qc3 42. Qe4 Qb3 43. Rb1 Qc3 44. Qd3 Qf6 45. Rb3 Qa1 46. Qb1
Qxb1 47. Rxb1 Bc3 48. Kf1 Bxe1 49. Rxe1 Kg7 50. Re3 Kg6 51. h3 Rf6 52. Re4 Kg5
53. Ke1 Ra6 54. Rg4+ Kh5 55. Rf4 Ra3 56. Kd2 Kg5 57. Rd4 Ra6 58. Ke3 Rf6 59.
Rg4+ Kh5 60. Rf4 Ra6 61. Kxf3 Kg5 62. h4+ Kh5 63. Rf5+ Kg6 64. Kg4 Ra4+ 65. f4
Ra3 66. Rc5 Kf6 67. h5 Ra6 68. Rc7 1-0

[Event "Olomouc 2005, IM A - Inline Czechia Cup"]
[Site "?"]
[Date "2005.??.??"]
[Round "3.2"]
[White "Beil, Martin"]
[Black "Krupa, Monika"]
[Result "1/2-1/2"]
[WhiteElo "2212"]
[BlackElo "2275"]
[PlyCount "124"]
[EventDate "2005.08.03"]

1. d4 Nf6 2. c4 e6 3. Nc3 Bb4 4. e3 c5 5. Bd3 Nc6 6. Nf3 Bxc3+ 7. bxc3 d6 8.
O-O h6 9. Nd2 b6 10. f4 Qc7 11. Bb2 O-O 12. Qe1 Ba6 13. Qh4 d5 14. g4 dxc4 15.
g5 cxd3 16. gxf6 Qd8 17. Ne4 Qd5 18. Kf2 Qxe4 19. Rg1 Qg6 20. Rxg6 fxg6 21.
fxg7 Kxg7 22. c4 cxd4 23. exd4 Kh7 24. Rg1 Bxc4 25. d5 exd5 26. Qg4 Ne7 27. Ba3
g5 28. Qd7 Rxf4+ 29. Kg3 Raf8 30. Qxe7+ R8f7 31. Qe5 Re4 32. Qc3 Re3+ 33. Kg2
Re2+ 34. Kh1 Rff2 35. Bd6 b5 36. h4 Re4 37. Bg3 d4 38. Qa5 Bd5 39. Rg2 d2 40.
Qxa7+ Rf7 41. Qxf7+ Bxf7 42. Rxd2 Bc4 43. hxg5 hxg5 44. Bd6 Kg6 45. Kg2 Kf5 46.
Bc5 d3 47. a3 Kg4 48. Bd6 Re6 49. Bc5 Bd5+ 50. Kf2 Rc6 51. Bd4 Be4 52. Ke3 Re6
53. Ba7 Bf5+ 54. Kf2 Kf4 55. Rb2 Ra6 56. Rb4+ Be4 57. Be3+ Ke5 58. Rxb5+ Bd5
59. Bxg5 Rxa3 60. Ke3 Ke6 61. Rb6+ Kf5 62. Be7 Rb3 1/2-1/2

[Event "Olomouc 2005, IM A - Inline Czechia Cup"]
[Site "?"]
[Date "2005.??.??"]
[Round "3.3"]
[White "Pachow, Joerg"]
[Black "Malinovsky, Karel"]
[Result "0-1"]
[WhiteElo "2352"]
[BlackElo "2309"]
[PlyCount "78"]
[EventDate "2005.08.03"]

1. Nf3 Nf6 2. g3 d5 3. Bg2 c5 4. O-O Nc6 5. d4 e6 6. b3 cxd4 7. Nxd4 Bc5 8. Bb2
O-O 9. c4 Bxd4 10. Bxd4 dxc4 11. Bc5 Qxd1 12. Rxd1 Rd8 13. Rxd8+ Nxd8 14. bxc4
Bd7 15. Nc3 Bc6 16. e4 b6 17. Be7 Nb7 18. Rd1 Nd7 19. f4 Ndc5 20. e5 Bxg2 21.
Kxg2 Na5 22. Bxc5 bxc5 23. Rd7 Nxc4 24. Rc7 h5 25. Rxc5 Ne3+ 26. Kf3 Nf5 27.
Ne4 Rd8 28. Ng5 g6 29. Rc7 Rd3+ 30. Ke2 Ra3 31. Rxf7 Nd4+ 32. Ke1 Nf3+ 33. Kf1
Nxg5 34. Rf6 Ne4 35. Rxg6+ Kf7 36. Rh6 Rxa2 37. Rxh5 a5 38. Ke1 a4 39. g4 a3
0-1

[Event "Olomouc 2005, IM A - Inline Czechia Cup"]
[Site "?"]
[Date "2005.??.??"]
[Round "3.4"]
[White "Fingerov, Dmitry"]
[Black "Zeleny, Tomas"]
[Result "1/2-1/2"]
[WhiteElo "2358"]
[BlackElo "2286"]
[PlyCount "46"]
[EventDate "2005.08.03"]

1. Nf3 Nf6 2. c4 g6 3. b3 Bg7 4. Bb2 O-O 5. g3 c5 6. Bg2 Nc6 7. O-O d5 8. cxd5
Nxd5 9. Bxg7 Kxg7 10. d4 cxd4 11. Nxd4 Nxd4 12. Qxd4+ Nf6 13. Qe5 a5 14. Nc3
Ra6 15. Rfd1 Qb6 16. Qxe7 Re8 17. Qa3 Ng4 18. e3 Qf6 19. Qb2 Nxf2 20. Rd4 Ng4
21. Rf4 Qe5 22. Re4 Qh5 23. Nd5+ Kh6 {etc. 70 moves} 1/2-1/2

[Event "Olomouc 2005, IM A - Inline Czechia Cup"]
[Site "?"]
[Date "2005.??.??"]
[Round "3.5"]
[White "Mohamed, Hossein"]
[Black "Vovk, Andrey"]
[Result "0-1"]
[WhiteElo "2230"]
[BlackElo "2339"]
[PlyCount "78"]
[EventDate "2005.08.03"]

1. Nf3 Nf6 2. g3 g6 3. b3 Bg7 4. Bb2 O-O 5. Bg2 d6 6. d4 c5 7. O-O Qc7 8. c4
Bf5 9. Nc3 Na6 10. Re1 Rad8 11. h3 Qc8 12. Kh2 e5 13. d5 Ne4 14. Ng1 Nxc3 15.
Bxc3 Bd7 16. a4 f5 17. e4 Bh6 18. Ra2 Nc7 19. Bd2 Bxd2 20. Qxd2 f4 21. g4 Ne8
22. Nf3 h6 23. b4 Nf6 24. Ng1 g5 25. Rb2 b6 26. a5 bxa5 27. b5 h5 28. f3 Kg7
29. Ne2 hxg4 30. hxg4 Bxg4 31. fxg4 Nxg4+ 32. Kg1 Ne3 33. Qc3 Nxg2 34. Kxg2 f3+
35. Kg3 fxe2 36. Rexe2 Rf4 37. Kg2 Rdf8 38. Re3 Rg4+ 39. Rg3 Rff4 0-1

[Event "Olomouc 2005, IM A - Inline Czechia Cup"]
[Site "?"]
[Date "2005.??.??"]
[Round "4.2"]
[White "Vovk, Andrey"]
[Black "Pisk, Petr"]
[Result "1/2-1/2"]
[WhiteElo "2339"]
[BlackElo "2319"]
[PlyCount "43"]
[EventDate "2005.08.03"]

1. e4 c5 2. Nf3 Nc6 3. d4 cxd4 4. Nxd4 e5 5. Nb5 d6 6. N1c3 a6 7. Na3 b5 8. Nd5
Nge7 9. c4 Nd4 10. Bd3 Nxd5 11. cxd5 Be7 12. O-O O-O 13. Be3 Bf6 14. Qd2 Bd7
15. Rac1 Qb8 16. Nc2 Nxc2 17. Rxc2 Rc8 18. Rxc8+ Qxc8 19. Rc1 Qb7 20. Qe1 h6
21. Rc2 Bd8 22. Qc1 1/2-1/2

[Event "Olomouc 2005, IM A - Inline Czechia Cup"]
[Site "?"]
[Date "2005.??.??"]
[Round "4.4"]
[White "Malinovsky, Karel"]
[Black "Fingerov, Dmitry"]
[Result "1/2-1/2"]
[WhiteElo "2309"]
[BlackElo "2358"]
[PlyCount "61"]
[EventDate "2005.08.03"]

1. e4 e6 2. d4 d5 3. Nc3 Nf6 4. e5 Nfd7 5. f4 c5 6. Nf3 Nc6 7. Be3 cxd4 8. Nxd4
Bc5 9. Qd2 Nxd4 10. Bxd4 Bxd4 11. Qxd4 Nb8 12. Bd3 Nc6 13. Qf2 f6 14. Qh4 fxe5
15. Qh5+ g6 16. Bxg6+ Kd7 17. Bd3 exf4 18. O-O-O Qf6 19. Rhf1 Kc7 20. g3 Bd7
21. Rxf4 Qe5 22. Nb5+ Kb8 23. Qf3 a6 24. Rf8+ Rxf8 25. Qxf8+ Bc8 26. Nd6 Kc7
27. Ne8+ Kb6 28. Nd6 Kc7 29. Ne8+ Kb6 30. Nd6 Kc7 31. Ne8+ 1/2-1/2

[Event "Olomouc 2005, IM A - Inline Czechia Cup"]
[Site "?"]
[Date "2005.??.??"]
[Round "4.5"]
[White "Krupa, Monika"]
[Black "Pachow, Joerg"]
[Result "1-0"]
[WhiteElo "2275"]
[BlackElo "2352"]
[PlyCount "125"]
[EventDate "2005.08.03"]

1. e4 e5 2. Nf3 Nc6 3. d4 exd4 4. Nxd4 g6 5. Nc3 Bg7 6. Be3 d6 7. Be2 Nf6 8.
O-O O-O 9. h3 Re8 10. Nxc6 bxc6 11. Bd3 d5 12. Bg5 h6 13. Bxf6 Bxf6 14. exd5
Bxc3 15. bxc3 Qxd5 16. Qd2 Kg7 17. Qf4 Qd6 18. Qa4 Be6 19. Rfd1 Qc5 20. Qd4+
Qxd4 21. cxd4 Red8 22. c3 Rab8 23. Rdb1 Rxb1+ 24. Rxb1 c5 25. Rb7 cxd4 26. c4
c5 27. Rxa7 Rb8 28. Ra5 Rb4 29. Rxc5 Ra4 30. Kf1 Rxa2 31. Ke1 Kf6 32. Be4 Ra4
33. Bd5 Bxd5 34. cxd5 Ke5 35. Ke2 Ra2+ 36. Kf3 Ra6 37. Ke2 Ke4 38. d6 d3+ 39.
Kd2 Rxd6 40. Ra5 Rf6 41. Ra4+ Kd5 42. Ra5+ Kd4 43. Ra4+ Kc5 44. f3 Rd6 45. Ra3
Rd4 46. Ra7 f5 47. Rc7+ Kb5 48. Rc3 Ra4 49. g4 fxg4 50. fxg4 Rd4 51. Ra3 Rd5
52. Rc3 Kb4 53. Rc6 Rg5 54. Kxd3 h5 55. Ke3 Ra5 56. Rxg6 Ra3+ 57. Kf4 Rxh3 58.
g5 Rh1 59. Rh6 Kc5 60. g6 h4 61. Kf5 h3 62. g7 Rf1+ 63. Kg6 1-0

[Event "Olomouc 2005, IM A - Inline Czechia Cup"]
[Site "?"]
[Date "2005.??.??"]
[Round "4.6"]
[White "Savage, Ben D"]
[Black "Beil, Martin"]
[Result "1-0"]
[WhiteElo "2300"]
[BlackElo "2212"]
[PlyCount "131"]
[EventDate "2005.08.03"]

1. d4 Nf6 2. Nf3 c6 3. c4 d5 4. e3 e6 5. Nbd2 Be7 6. Bd3 O-O 7. O-O Nbd7 8. b3
b6 9. Bb2 Bb7 10. Rc1 Qc7 11. Ne5 dxc4 12. Ndxc4 Rac8 13. f4 Rfe8 14. e4 Nf8
15. Qe2 Qb8 16. Ng4 Red8 17. Rcd1 c5 18. dxc5 Bxc5+ 19. Kh1 Nxg4 20. Qxg4 Bd4
21. Ba3 b5 22. Nd2 Ba8 23. Nf3 Bc3 24. Be7 Rd7 25. Bh4 f6 26. f5 exf5 27. Qxf5
Rcd8 28. Be2 Rxd1 29. Bxd1 Re8 30. Bg3 Qc8 31. Qxb5 Bxe4 32. Be2 Bb2 33. Qc4+
Kh8 34. Qxc8 Rxc8 35. Bc4 Ng6 36. Re1 Bf5 37. h3 h6 38. Bf7 Rc1 39. Rxc1 Bxc1
40. Nd4 Bd3 41. Nc6 Be3 42. Bb8 Be4 43. Bxa7 Bxa7 44. Nxa7 Nf4 45. Kh2 Nxg2 46.
Nb5 g5 47. Nc3 Bc6 48. Bd5 Bxd5 49. Nxd5 Nf4 50. Nxf6 Kg7 51. Ne4 Kg6 52. a4
Kf5 53. Nd2 Ke5 54. Kg3 Ng6 55. Kg4 Nf4 56. a5 Kd5 57. h4 Ne6 58. h5 Nf4 59.
Nf3 Ne6 60. Nd2 Kc5 61. Ne4+ Kb5 62. b4 Nc7 63. Nxg5 hxg5 64. h6 Ne8 65. Kxg5
Nd6 66. h7 1-0

[Event "Olomouc 2005, IM A - Inline Czechia Cup"]
[Site "?"]
[Date "2005.??.??"]
[Round "5.3"]
[White "Fingerov, Dmitry"]
[Black "Krupa, Monika"]
[Result "1-0"]
[WhiteElo "2358"]
[BlackElo "2275"]
[PlyCount "47"]
[EventDate "2005.08.03"]

1. e4 g6 2. d4 c6 3. c4 d5 4. exd5 cxd5 5. Nc3 dxc4 6. Bxc4 Bg7 7. Nf3 Nf6 8.
O-O O-O 9. h3 b6 10. Qe2 Bb7 11. Rd1 e6 12. Bg5 Re8 13. Ne5 Nc6 14. Ne4 h6 15.
Nxf6+ Bxf6 16. Bxh6 Bg5 17. Bxg5 Qxg5 18. Qg4 Qxg4 19. Nxg4 Red8 20. d5 Na5 21.
dxe6 Rxd1+ 22. Rxd1 Nxc4 23. e7 f5 24. Rd8+ 1-0

[Event "Olomouc 2005, IM A - Inline Czechia Cup"]
[Site "?"]
[Date "2005.??.??"]
[Round "5.4"]
[White "Mohamed, Hossein"]
[Black "Malinovsky, Karel"]
[Result "1/2-1/2"]
[WhiteElo "2230"]
[BlackElo "2309"]
[PlyCount "72"]
[EventDate "2005.08.03"]

1. Nf3 Nf6 2. g3 d5 3. Bg2 c5 4. d4 e6 5. O-O Be7 6. c4 O-O 7. cxd5 exd5 8. Nc3
Nc6 9. Bg5 cxd4 10. Nxd4 h6 11. Be3 Ne5 12. Qb3 Nc4 13. Bf4 Na5 14. Qc2 Be6 15.
Rfd1 Qb6 16. Nf5 Bxf5 17. Qxf5 d4 18. Nd5 Nxd5 19. Bxd5 Qf6 20. Qe4 Nc6 21.
Bxc6 bxc6 22. Qxd4 Rfd8 23. Qxf6 Bxf6 24. Rxd8+ Rxd8 25. Rc1 Bxb2 26. Rxc6 Bd4
27. Kg2 Bb6 28. Kf3 Rd1 29. Be3 Rb1 30. Rc8+ Kh7 31. Rb8 Rb2 32. a4 Ra2 33.
Bxb6 axb6 34. Rxb6 Rxa4 35. e4 Ra3+ 36. Kf4 Ra2 1/2-1/2

[Event "Olomouc 2005, IM A - Inline Czechia Cup"]
[Site "?"]
[Date "2005.??.??"]
[Round "5.6"]
[White "Mankeyev, Rauan"]
[Black "Vovk, Andrey"]
[Result "1-0"]
[WhiteElo "2344"]
[BlackElo "2339"]
[PlyCount "95"]
[EventDate "2005.08.03"]

1. d4 Nf6 2. c4 g6 3. Nc3 Bg7 4. e4 d6 5. Nf3 O-O 6. Be2 Bg4 7. Be3 Nfd7 8. O-O
c5 9. d5 Na6 10. Qd2 Nc7 11. a3 Re8 12. b4 b6 13. Rab1 e6 14. Bg5 Qc8 15. dxe6
Rxe6 16. h3 Bxf3 17. Bxf3 h5 18. e5 Nxe5 19. Bxa8 Nxa8 20. Nd5 Nxc4 21. Qa2 Qa6
22. b5 Qa4 23. Rfc1 Ne5 24. f4 Qd4+ 25. Kh2 Nd3 26. Rc2 Re4 27. Ne7+ Rxe7 28.
Bxe7 Qxf4+ 29. g3 Qe5 30. Re2 Qd4 31. Rf1 c4 32. Bxd6 Qxd6 33. Qxc4 Ne5 34.
Qc8+ Kh7 35. Qxa8 Qxa3 36. Qd5 Qc3 37. Kg2 f5 38. Rfe1 Nd3 39. Rd1 Nc5 40. Qf3
Qc4 41. g4 Ne6 42. Rf2 Nd4 43. Qb7 fxg4 44. hxg4 Nc2 45. Rd7 Qxg4+ 46. Kh2 Qh4+
47. Kg1 Qg4+ 48. Rg2 1-0

[Event "Olomouc 2005, IM A - Inline Czechia Cup"]
[Site "?"]
[Date "2005.??.??"]
[Round "6.1"]
[White "Salai, Ladislav"]
[Black "Vovk, Andrey"]
[Result "0-1"]
[WhiteElo "2378"]
[BlackElo "2339"]
[PlyCount "56"]
[EventDate "2005.08.03"]

1. e4 c5 2. Nf3 d6 3. c3 Nf6 4. Bd3 g6 5. Bc2 Bg7 6. O-O O-O 7. d3 Nc6 8. Nbd2
e5 9. a3 Nh5 10. Re1 Nf4 11. Nf1 d5 12. d4 cxd4 13. cxd4 dxe4 14. Bxe4 Bg4 15.
d5 Nd4 16. Bxf4 exf4 17. h3 Bxf3 18. Bxf3 Rc8 19. Rb1 Qb6 20. Nd2 Rc2 21. b3
Nxf3+ 22. gxf3 Ra2 23. Re2 Qd4 24. Kf1 Qxd5 25. Nc4 Qxf3 26. Rxa2 Qh1+ 27. Ke2
Re8+ 28. Ne3 Qxh3 0-1

[Event "Olomouc 2005, IM A - Inline Czechia Cup"]
[Site "?"]
[Date "2005.??.??"]
[Round "6.2"]
[White "Zeleny, Tomas"]
[Black "Mankeyev, Rauan"]
[Result "0-1"]
[WhiteElo "2286"]
[BlackElo "2344"]
[PlyCount "56"]
[EventDate "2005.08.03"]

1. e4 e6 2. d4 d5 3. Nd2 Nf6 4. e5 Nfd7 5. Bd3 c5 6. c3 Nc6 7. Ne2 cxd4 8. cxd4
f6 9. exf6 Nxf6 10. Nf3 Bd6 11. O-O Qc7 12. Bg5 O-O 13. Bh4 Nh5 14. Qc2 h6 15.
Bg6 Rxf3 16. gxf3 Bxh2+ 17. Kh1 Nf4 18. Ng3 Qb6 19. Rad1 Nxd4 20. Rxd4 Qxd4 21.
Bh7+ Kh8 22. Kxh2 g5 23. Qc7 Qg7 24. Qd8+ Kxh7 25. Rc1 gxh4 26. Rc7 Bd7 27.
Qxd7 Qxd7 28. Rxd7+ Kg6 0-1

[Event "Olomouc 2005, IM A - Inline Czechia Cup"]
[Site "?"]
[Date "2005.??.??"]
[Round "6.4"]
[White "Krupa, Monika"]
[Black "Mohamed, Hossein"]
[Result "1/2-1/2"]
[WhiteElo "2275"]
[BlackElo "2230"]
[PlyCount "102"]
[EventDate "2005.08.03"]

1. e4 c6 2. d4 d5 3. Nc3 dxe4 4. Nxe4 Bf5 5. Ng3 Bg6 6. Nf3 Nd7 7. h4 h6 8. h5
Bh7 9. Bd3 Bxd3 10. Qxd3 Ngf6 11. Bd2 e6 12. O-O-O Be7 13. Ne4 Nxe4 14. Qxe4
Nf6 15. Qe2 Qd5 16. c4 Qe4 17. Be3 b5 18. Ne5 bxc4 19. f3 Qd5 20. Qxc4 Qxc4+
21. Nxc4 Nd5 22. Kd2 c5 23. dxc5 Nxe3 24. Kxe3 Bxc5+ 25. Ke2 Rc8 26. Rd3 Be7
27. b3 Rc5 28. Rhd1 Rc7 29. f4 Bf6 30. g4 Ke7 31. Kf3 Rb8 32. R1d2 g6 33. hxg6
fxg6 34. Re2 Rc6 35. Rde3 Rb5 36. Rh2 h5 37. Ne5 Bxe5 38. fxe5 Kf7 39. gxh5
gxh5 40. Rxh5 Kg6 41. Rh4 Kg5 42. Rh7 a5 43. Rg7+ Kh6 44. Rg2 Rcc5 45. Kf4 Rb4+
46. Re4 Rxe4+ 47. Kxe4 a4 48. Rd2 axb3 49. axb3 Rb5 50. Rd3 Rb4+ 51. Kf3 Kg5
1/2-1/2